000 00328nam a2200133Ia 4500
008 260604s9999 xx 000 0 und d
020 _a9781641731533
082 _a658 DRA
100 _aBianca drake
_935733
245 0 _aIntroduction to Time Management
260 _bLarsen & Keller
500 _aManagement, Time
942 _cBK
999 _c8559
_d8559